[Event "IECG WC.2002.F.00005 email"]
[Site "IECG email"]
[Date "2002.12.15"]
[Round "?"]
[White "Lambert, Andreas"]
[Black "Ellis, Roy Dominic"]
[Result "1/2-1/2"]
[WhiteElo "2149"]
[BlackElo "2142"]
[PlyCount "89"]
[EventDate "2002.12.15"]
[EventType "tourn (corr)"]
[EventRounds "10"]
[SourceTitle "Corr 2008"]
[Source "ChessBase"]
[SourceDate "2008.06.24"]
[SourceVersion "1"]
[SourceVersionDate "2008.06.24"]
[SourceQuality "1"]

1. d4 d5 2. c4 e6 3. Nc3 Be7 4. Nf3 Nf6 5. Bg5 h6 6. Bh4 0-0 7. e3 b6 8. Be2 Bb7 9. Bxf6 Bxf6 10. cxd5 exd5 11. 0-0 Nd7 12. Qb3 c6 13. Rad1 Re8 14. Rfe1 Nf8 15. Bf1 Ne6 16. g3 c5 17. dxc5 Nxc5 18. Qa3 Qe7 19. Bg2 Rad8 20. Nd4 a6 21. Na4 Qd6 22. Qb4 Nxa4 23. Qxa4 Be5 24. Rd2 Rc8 25. Red1 Qf6 26. b4 b5 27. Qb3 Rc4 28. a3 Rd8 29. Ne2 Qe6 30. Rd3 Ba8 31. R1d2 d4 32. Bxa8 Rxa8 33. exd4 Bf6 34. d5 Qd7 35. d6 Re8 36. Rd5 Bg5 37. Rc2 Qg4 38. d7 Rxe2 39. d8Q+ Bxd8 40. Rxd8+ Kh7 41. Qd3+ Rce4 42. Rxe2 Qxe2 43. Qxe2 Rxe2 44. Rd6 Re6 45. Rxe6 1/2-1/2

[Event "IECG WC.2002.F.00005 email"]
[Site "IECG email"]
[Date "2002.12.15"]
[Round "?"]
[White "Lazan, Rastislav"]
[Black "Ellis, Roy Dominic"]
[Result "1-0"]
[WhiteElo "2161"]
[BlackElo "2142"]
[PlyCount "58"]
[EventDate "2002.12.15"]
[EventType "tourn (corr)"]
[EventRounds "10"]
[SourceTitle "Corr 2008"]
[Source "ChessBase"]
[SourceDate "2008.06.24"]
[SourceVersion "1"]
[SourceVersionDate "2008.06.24"]
[SourceQuality "1"]

1. Nf3 d5 2. d4 c6 3. c4 Nf6 4. Nc3 e6 5. Bg5 Nbd7 6. e3 Qa5 7. Nd2 Bb4 8. Qc2 0-0 9. Be2 dxc4 10. Bxf6 Nxf6 11. Nxc4 Qc7 12. 0-0 Rd8 13. Rac1 Bd7 14. a3 Be7 15. b4 Be8 16. Rfd1 Nd7 17. Bd3 f5 18. Ne2 Bf7 19. Ng3 Rf8 20. Rb1 Nb6 21. Ne5 Bd6 22. f4 Nd5 23. Qd2 a5 24. e4 fxe4 25. Nxe4 axb4 26. Nxd6 Qxd6 27. axb4 Bh5 28. Rf1 Rad8 29. Bc4 Nc7 1-0

[Event "IECG CP.1999.F.00001 email"]
[Site "IECG email"]
[Date "2002.10.01"]
[Round "?"]
[White "Alvebring, Martin"]
[Black "Ellis, Roy Dominic"]
[Result "0-1"]
[WhiteElo "2242"]
[BlackElo "2132"]
[PlyCount "83"]
[EventDate "2002.10.01"]
[EventType "tourn (corr)"]
[EventRounds "8"]
[SourceTitle "Corr 2008"]
[Source "ChessBase"]
[SourceDate "2008.06.24"]
[SourceVersion "1"]
[SourceVersionDate "2008.06.24"]
[SourceQuality "1"]

1. e4 c5 2. Nf3 Nc6 3. d4 cxd4 4. Nxd4 Nf6 5. Nc3 e5 6. Ndb5 d6 7. Bg5 a6 8. Na3 b5 9. Bxf6 gxf6 10. Nd5 f5 11. Bd3 Be6 12. 0-0 Bxd5 13. exd5 Ne7 14. c3 Bg7 15. Qh5 e4 16. Be2 Qd7 17. Rad1 Ng6 18. g3 0-0 19. Nc2 Rae8 20. Ne3 Re5 21. Qh3 Qc8 22. Nc2 Qc5 23. Kh1 Rxd5 24. f3 Rxd1 25. Rxd1 Ne7 26. Qh5 Qe5 27. a3 d5 28. Nb4 Qe6 29. fxe4 dxe4 30. Qg5 Kh8 31. Qd2 Ng6 32. Qd5 Qxd5 33. Rxd5 f4 34. Nxa6 f3 35. Bxb5 e3 36. Kg1 Ne5 37. h3 Rg8 38. Nc5 f5 39. Kf1 Bf6 40. Rd6 Rb8 41. Rxf6 Rxb5 42. Rf8+ 0-1

[Event "IECG CP.1999.F.00001 email"]
[Site "IECG email"]
[Date "2002.10.01"]
[Round "?"]
[White "Ellis, Roy Dominic"]
[Black "Simmelink, Joop Theo"]
[Result "0-1"]
[WhiteElo "2132"]
[BlackElo "2257"]
[PlyCount "80"]
[EventDate "2002.10.01"]
[EventType "tourn (corr)"]
[EventRounds "8"]
[SourceTitle "Corr 2008"]
[Source "ChessBase"]
[SourceDate "2008.06.24"]
[SourceVersion "1"]
[SourceVersionDate "2008.06.24"]
[SourceQuality "1"]

1. d4 d5 2. c4 c6 3. Nf3 Nf6 4. Nc3 e6 5. e3 Nbd7 6. Bd3 dxc4 7. Bxc4 b5 8. Bd3 Bb7 9. 0-0 a6 10. e4 c5 11. d5 Qc7 12. dxe6 fxe6 13. Bc2 Bd6 14. Ng5 Nf8 15. f4 0-0-0 16. Qe1 e5 17. f5 h6 18. Nf3 N8d7 19. Bd2 c4 20. Kh1 Bc5 21. Qe2 Qc6 22. Rab1 b4 23. Na4 Nxe4 24. Nxc5 Ndxc5 25. Bxb4 Nd3 26. Bxd3 cxd3 27. Qe3 Kb8 28. Be7 Rc8 29. Qxd3 Rhe8 30. Nxe5 Qc7 31. Ng6 Rxe7 32. Nxe7 Qxe7 33. Rbd1 h5 34. Rde1 h4 35. Re2 Qg5 36. Kg1 Rc1 37. Ree1 h3 38. Qxh3 Rc2 39. b3 Rxa2 40. b4 Nc5 0-1